Canciones Raul Clyde - Statistics

General Stats
  • This quiz has been taken 30 times
  • The average score is 32 of 62
Answer Stats
Album Track # Answer % Correct
DESTINO 2014 3 JOYYY
82%
5NEEM 1 COSTABLANCA
76%
DESTINO 2014 1 holaA:$
76%
Mean Girls 1 Jueves de Galería
76%
DESTINO 2013 7 Tuenti
76%
DESTINO 2014 4 yasuni
76%
DESTINO 2014 (49 EDITION) 6 2014
71%
DESTINO 2014 5 BALMAIN
71%
5NEEM 4 BONNIE
71%
DESTINO 2014 2 griselda
71%
DESTINO 2014 7 seadoO
71%
DESTINO 2014 (49 EDITION) 2 SOLTERA49
71%
DESTINO 2013 1 49
65%
DESTINO 2014 10 BCN
65%
DESTINO 2014 (49 EDITION) 8 CHERRY
65%
Sencillos ft. Nickzzy, Came Beats Colalé
65%
DESTINO 2014 (49 EDITION) 1 holaA:$ (extended version)
65%
DESTINO 2014 (49 EDITION) 7 noche de sexoO
65%
Sencillos ft. mvrk, Arcones Tiendas
65%
DESTINO 2014 12 Tuenti - Remix
65%
DESTINO 2014 (49 EDITION) 4 yasuni Pt.2
65%
5NEEM 5 LA PIEDRA
59%
LAS ÚLTIMAS TRES NOCHES 2 LAS TRAVIS
59%
Sencillos ft. Mushkaa, roots LOEWE
59%
DESTINO 2014 (49 EDITION) 5 retros y perfumes
59%
DESTINO 2013 3 Sobrenatural
59%
5NEEM 2 TUMINI
59%
Sencillos ft. Alejo, Came Beats Vivienne
59%
5NEEM 3 BUENISSSIMA
53%
DESTINO 2014 9 DIESEL
53%
DESTINO 2013 6 La Vision
53%
DESTINO 2014 (49 EDITION) 9 los mismos de antesS
53%
DESTINO 2014 (49 EDITION) 3 LOS YINES
53%
DESTINO 2013 2 Monty
53%
LAS ÚLTIMAS TRES NOCHES 1 YAILIN
53%
DESTINO 2014 6 10 DIASsS
47%
DESTINO 2014 11 adiosS(L)
47%
DESTINO 2014 8 climax
47%
Mean Girls 3 Cuando Perreamos
47%
Mean Girls 2 Enigma
47%
Sencillos ft. Gonza, Came Beats Kit Kat
47%
LAS ÚLTIMAS TRES NOCHES 3 LA ÚLTIMA NOCHE
47%
Sencillos ft. Diego Cherician 99/100 Rmx
41%
Sencillos - Apartamento
41%
Sencillos ft. Alejo, Polimá Westcoast BIEN :(
41%
Sencillos ft. ZAKYO, David Marley DAIQUIRI
41%
Sencillos ft. C Marí Iguales
41%
Sencillos - La Forma Q Me Miras
41%
Sencillos ft. Yassir, C Marí La Vision (Remix)
41%
Sencillos - 3D
35%
Sencillos ft. BlueFire Código Secreto
35%
DESTINO 2013 4 Envuelto
35%
DESTINO 2013 8 Haz Que Te Duele
35%
Sencillos ft. David Marley SEISNUEVE
35%
DESTINO 2013 5 Tbt
35%
Sencillos ft. JV Bala El Santo
29%
Sencillos - EL POBLE SALVA AL POBLE
18%
Sencillos - En La Playa
18%
2UBB 4 ISY MONY
6%
2UBB 3 K BONITA
6%
2UBB 2 LUCERO
6%
2UBB 1 VARETA GRL
6%
No matching quizzes found
Score Distribution
Percent of People with Each Score
Percentile by Number Answered
Your Score History
You have not taken this quiz